Κατάλογος Βιβλιοθηκών Mediterranean College

Οικονομική του Περιβάλλοντος και των Φυσικών Πόρων. (Record no. 3813)

MARC details
000 -LEADER
fixed length control field 01988cam a22002054a 4500
005 - ΗΜΕΡΟΜΗΝΙΑ ΚΑΙ ΩΡΑ ΤΕΛΕΥΤΑΙΑΣ ΕΝΗΜΕΡΩΣΗΣ
Πεδίο ελέγχου 20250605164126.0
008 - FIXED-LENGTH DATA ELEMENTS--GENERAL INFORMATION
Πεδίο ελέγχου σταθερού μήκους 250528s ||||||||||||||||||||||||d
035 ## - SYSTEM CONTROL NUMBER
System control number 18452
020 ## - ISBN
ISBN 960010686
040 ## - ΠΗΓΗ ΚΑΤΑΛΟΓΟΓΡΑΦΗΣΗΣ
Φορέας πρωτότυπης καταλογογράφησης MC Athens Campus Library
Γλώσσα καταλογογράφησης Ελληνικά, Μοντέρνα (1453-)
Modifying agency MC Athens Campus Library
Κανόνες περιγραφικής καταλογογράφησης AACR2
245 1# - ΤΙΤΛΟΣ ΚΑΙ ΔΗΛΩΣΗ ΥΠΕΥΘΥΝΟΤΗΤΑΣ
Τίτλος Οικονομική του Περιβάλλοντος και των Φυσικών Πόρων.
Number of part/section of a work Τόμος Α'
260 ## - PUBLICATION, DISTRIBUTION, ETC.
Name of publisher, distributor, etc. Gutenberg,
Date of publication, distribution, etc. 1998
300 ## - PHYSICAL DESCRIPTION
Extent 446
520 ## - SUMMARY, ETC.
Summary, etc. Πρόλογος, Όψεις του Μέλλοντος, Τα Οικονομικά του Περιβάλλοντος: Μια Επισκόπηση, Δικαιώματα Ιδιοκτησίας και Εξωτερικές Οικονομίες και Επιβαρύνσεις και Περιβαλλοντικά Προβλήματα, Ρύθμιση της Αγοράς: Πληροφορία και Αβεβαιότητα, Το Πληθυσμιακό Πρόβλημα, Η Κατανομή των Εξαντλήσιμων και Ανανεώσιμων Πόρων: Μια Επισκόπηση, Εξαντλήσιμοι και μη Ανακυκλώσιμοι Ενεργειακοί Πόροι: Πετρέλαιο και Φυσικό Αέριο και Άνθρακας και Ουράνιο, Ανακυκλώσιμοι Φυσικοί Πόροι: Ορυκτά κ.τ.λ., Αναπληρώσιμοι αλλά Εξαντλήσιμοι Φυσικοί Πόροι: Το Νερό, Αναπαραγωγίσιμοι Φυσικοί Πόροι που Ανήκουν σε Ιδιώτες: Αγροτική Παραγωγή, Αποθεματοποίηση και Ανεώσιμοι Φυσικοί Πόροι: Τα Δάση, Ανανεώσιμοι και Κοινόκτητοι Φυσικοί Πόροι: Αλιευτικός και Άλλος Ζωϊκός Πλούτος, Περίληψη, Βιβλιογραφία.
700 1# - ΠΡΟΣΘΕΤΗ ΑΝΑΓΡΑΦΗ--ΦΥΣΙΚΟ ΠΡΟΣΩΠΟ
Personal name Tietenberg Tom
9 (RLIN) 4714
700 1# - ΠΡΟΣΘΕΤΗ ΑΝΑΓΡΑΦΗ--ΦΥΣΙΚΟ ΠΡΟΣΩΠΟ
Personal name Παπανδρέου Ανδρέας Α
9 (RLIN) 4715
942 ## - ADDED ENTRY ELEMENTS (KOHA)
Koha item type Books
Holdings
Τύπος τεκμηρίου Βιβλιοθήκη Τρέχουσα τοποθεσία Barcode Αριθμός εισαγωγής Ημερομηνία απόκτησης Ταξιθετικό σύμβολο Αριθμός αντιτύπου Κατάσταση απόσυρσης Κατάσταση χαμένου Κατάσταση κατεστραμμένου Μη δανεισμός Σύνολο δανεισμών Ημερομηνία τελευταίας εμφάνισης Η τιμή ισχύει από
Books MC Athens Campus Library MC Athens Campus Library 9780000038128 3143 05/06/2025 333.7 ΤΙΕ V.A 1           05/06/2025 05/06/2025

MC Athens Campus Library
Πατησίων 94 & Κοδριγκτώνος 13, 104 34
Πελλήνης 8 & Πατησίων 107, 112 51
Τ: +30 210 8899600

MC Thessaloniki Campus Library
Ίωνος Δραγούμη 21, 54625 | Ίωνος Δραγούμη 15, 54625
Τ: +30 2310 287779 – Τ: +30 2314 440300